<?xml version="1.0" encoding="UTF-8"?>
<record
    xmlns:xsi="http://www.w3.org/2001/XMLSchema-instance"
    xsi:schemaLocation="http://www.loc.gov/MARC21/slim http://www.loc.gov/standards/marcxml/schema/MARC21slim.xsd"
    xmlns="http://www.loc.gov/MARC21/slim">

  <leader>01841nam a2200421 a 4500</leader>
  <controlfield tag="003">CHAP</controlfield>
  <controlfield tag="005">20250130120102.0</controlfield>
  <controlfield tag="007">ta</controlfield>
  <controlfield tag="008">250129s2007    ag o|||gr|||| 001 0 spa d</controlfield>
  <datafield tag="020" ind1=" " ind2=" ">
    <subfield code="a">978-950-24-1199-6</subfield>
  </datafield>
  <datafield tag="040" ind1=" " ind2=" ">
    <subfield code="a">mxchpua</subfield>
    <subfield code="c">CHAP</subfield>
    <subfield code="e">rda</subfield>
  </datafield>
  <datafield tag="041" ind1=" " ind2=" ">
    <subfield code="a">spa</subfield>
    <subfield code="b">spa</subfield>
    <subfield code="f">spa</subfield>
    <subfield code="h">ger</subfield>
  </datafield>
  <datafield tag="050" ind1="1" ind2="0">
    <subfield code="a">TX601</subfield>
    <subfield code="b">.L44 2007</subfield>
  </datafield>
  <datafield tag="082" ind1="0" ind2="0">
    <subfield code="2">20</subfield>
    <subfield code="a">641.852</subfield>
    <subfield code="b">L44 2007</subfield>
  </datafield>
  <datafield tag="100" ind1="1" ind2=" ">
    <subfield code="a">Lehari, Gabriele</subfield>
    <subfield code="9">189994</subfield>
  </datafield>
  <datafield tag="240" ind1="1" ind2=" ">
    <subfield code="a">Konfit&#xFC;ren &amp; gelees.</subfield>
    <subfield code="l">Espa&#xF1;ol</subfield>
  </datafield>
  <datafield tag="245" ind1="1" ind2="0">
    <subfield code="a">Dulces, jaleas y mermeladas /</subfield>
    <subfield code="c">Gabriele Lehari ; traductora Rosa Mar&#xED;a Gotta</subfield>
  </datafield>
  <datafield tag="250" ind1=" " ind2=" ">
    <subfield code="a">1a edici&#xF3;n</subfield>
  </datafield>
  <datafield tag="264" ind1=" " ind2=" ">
    <subfield code="a">Buenos Aires, Argentina :</subfield>
    <subfield code="b">Albatros,</subfield>
    <subfield code="c">2007</subfield>
  </datafield>
  <datafield tag="300" ind1=" " ind2=" ">
    <subfield code="a">63 p&#xE1;ginas :</subfield>
    <subfield code="b">fotos</subfield>
  </datafield>
  <datafield tag="336" ind1=" " ind2=" ">
    <subfield code="2">rdacontent</subfield>
    <subfield code="a">texto</subfield>
    <subfield code="b">txt</subfield>
  </datafield>
  <datafield tag="337" ind1=" " ind2=" ">
    <subfield code="2">rdamedia</subfield>
    <subfield code="a">sin medio</subfield>
    <subfield code="b">n</subfield>
  </datafield>
  <datafield tag="338" ind1=" " ind2=" ">
    <subfield code="2">rdacarrier</subfield>
    <subfield code="a">volumen</subfield>
    <subfield code="b">nc</subfield>
  </datafield>
  <datafield tag="490" ind1="1" ind2=" ">
    <subfield code="a">Los imprescindibles (Albatros)</subfield>
  </datafield>
  <datafield tag="505" ind1="0" ind2=" ">
    <subfield code="a">1. Pura naturaleza --
2. Frutas para untar --
3. Dulces y mermeladas --
4. Jalea, una sustancia clara.</subfield>
  </datafield>
  <datafield tag="520" ind1="2" ind2=" ">
    <subfield code="a">Exquisitas recetas para dulces, mermeladas y jaleas Reposter&#xED;a y comidas con dulces y jaleas Con explicaciones paso a paso Valiosas sugerencias para obtener exquisitos resultados Gabriele Lehari es autora de numerosos libros especializados sobre el tema.Toda la informaci&#xF3;n para cocineros aficionados y golosos... clara y sencilla actualizada y orientada hacia la pr&#xE1;ctica con muchas fotograf&#xED;as a todo color</subfield>
  </datafield>
  <datafield tag="650" ind1="1" ind2="3">
    <subfield code="a">Recetas  </subfield>
    <subfield code="2">atg</subfield>
    <subfield code="9">159867</subfield>
  </datafield>
  <datafield tag="650" ind1="1" ind2="3">
    <subfield code="a">Preparaci&#xF3;n de alimentos  </subfield>
    <subfield code="2">atg</subfield>
    <subfield code="9">153466</subfield>
  </datafield>
  <datafield tag="650" ind1="1" ind2="3">
    <subfield code="a">Mermeladas  </subfield>
    <subfield code="2">atg</subfield>
    <subfield code="9">148122</subfield>
  </datafield>
  <datafield tag="650" ind1="1" ind2="3">
    <subfield code="a">Jaleas  </subfield>
    <subfield code="2">atg</subfield>
    <subfield code="9">159875</subfield>
  </datafield>
  <datafield tag="650" ind1="1" ind2="3">
    <subfield code="a">Recipies  </subfield>
    <subfield code="2">atg</subfield>
    <subfield code="9">162121</subfield>
  </datafield>
  <datafield tag="650" ind1="1" ind2="3">
    <subfield code="a">Food preparation  </subfield>
    <subfield code="2">atg</subfield>
    <subfield code="9">153465</subfield>
  </datafield>
  <datafield tag="650" ind1="1" ind2="3">
    <subfield code="a">Jams</subfield>
    <subfield code="2">atg</subfield>
    <subfield code="9">148121</subfield>
  </datafield>
  <datafield tag="650" ind1="1" ind2="3">
    <subfield code="a">Jellies</subfield>
    <subfield code="2">atg</subfield>
    <subfield code="9">189998</subfield>
  </datafield>
  <datafield tag="700" ind1="1" ind2=" ">
    <subfield code="a">Gotta, Rosa Mar&#xED;a</subfield>
    <subfield code="9">189999</subfield>
    <subfield code="e">traductora</subfield>
  </datafield>
  <datafield tag="830" ind1=" " ind2="4">
    <subfield code="a">Los imprescindibles (Albatros)</subfield>
    <subfield code="9">190000</subfield>
  </datafield>
  <datafield tag="942" ind1=" " ind2=" ">
    <subfield code="2">ddc</subfield>
    <subfield code="c">LIBRO</subfield>
  </datafield>
  <datafield tag="999" ind1=" " ind2=" ">
    <subfield code="c">220405</subfield>
    <subfield code="d">220405</subfield>
  </datafield>
  <datafield tag="952" ind1=" " ind2=" ">
    <subfield code="0">0</subfield>
    <subfield code="1">0</subfield>
    <subfield code="2">ddc</subfield>
    <subfield code="4">0</subfield>
    <subfield code="5">1</subfield>
    <subfield code="7">0</subfield>
    <subfield code="8">GRAL</subfield>
    <subfield code="a">IA_</subfield>
    <subfield code="b">IA_</subfield>
    <subfield code="d">2024-10-16</subfield>
    <subfield code="g">182.40</subfield>
    <subfield code="i">Consumo</subfield>
    <subfield code="l">0</subfield>
    <subfield code="o">641.852 L44 2007</subfield>
    <subfield code="p">1102015217</subfield>
    <subfield code="r">2025-01-29 18:09:33</subfield>
    <subfield code="t">Ej. 1</subfield>
    <subfield code="w">2025-01-29</subfield>
    <subfield code="y">LIBRO</subfield>
  </datafield>
  <datafield tag="952" ind1=" " ind2=" ">
    <subfield code="0">0</subfield>
    <subfield code="1">0</subfield>
    <subfield code="2">ddc</subfield>
    <subfield code="4">0</subfield>
    <subfield code="5">5</subfield>
    <subfield code="7">0</subfield>
    <subfield code="8">GRAL</subfield>
    <subfield code="a">IA_</subfield>
    <subfield code="b">IA_</subfield>
    <subfield code="d">2024-10-16</subfield>
    <subfield code="g">182.40</subfield>
    <subfield code="i">Consumo</subfield>
    <subfield code="l">0</subfield>
    <subfield code="o">641.852 L44 2007</subfield>
    <subfield code="p">1102015218</subfield>
    <subfield code="r">2025-01-29 18:09:33</subfield>
    <subfield code="t">Ej. 2</subfield>
    <subfield code="w">2025-01-29</subfield>
    <subfield code="y">LIBRO</subfield>
  </datafield>
</record>
